Statistics for Silly fun with zany countries

Click here to take the quiz!

General Stats

  • This quiz has been taken 8 times
  • The average score is 10 of 15

Answer Stats

New country name% Correct
Belaruz
100%
Franze
100%
Izeland
100%
Ruzzia
100%
Zweden
100%
Boznia
80%
Eztonia
80%
Zerbia
80%
Greeze
60%
Netherlandz
60%
Auztria
40%
Vatican Zity
40%
Luxzembourg
20%
Zalbania
20%
Switzzerland
0%

Score Distribution

Percentile by Number Answered

Percent of People with Each Score

Your Score History

You have not taken this quiz